01010nam a2200277Ia 4500001001100000003000800011006001900019007001500038008004100053040002100094035002000115050002400135100001100159240002000170245007700190260004400267300001000311533015200321600001400473650002500487655002900512700003400541710001700575856012500592999001500717ebr5000800CaPaEBRm u cr cn|||||||||010321s2001 vau s 000 0 eng d aCaPaEBRcCaPaEBR a(OCoLC)5067142414aB368.A5bJ69 2001eb0 aPlato.10aCrito.lEnglish10aCritoh[electronic resource] /cby Plato; translated by Benjamin Jowett. aBlacksburg, VA :bVirginia Tech,c2001. a11 p. aElectronic reproduction.bPalo Alto, Calif. :cebrary,d2010.nAvailable via World Wide Web.nAccess may be limited to ebrary affiliated libraries.00aSocrates. 0aPhilosophy, Ancient. 7aElectronic books.2local1 aJowett, Benjamin,d1817-1893.2 aebrary, Inc.40uhttp://site.ebrary.com/lib/rucke/Doc?id=5000800zAn electronic book accessible through the World Wide Web; click to view c2988d2988